Mesto dynamického rozvoja

Bibliographic Details
Main Author: Slota, Ján, 1953- (Author)
Format: Article
Language:Slovak
PhysicalDescription:Obr. 2
Subjects:

MARC

LEADER 00000nab a2200000 a 4500
001 vtls000550296
003 SK-MaSNL
005 20260303012532.0
008 150430c1995 xo 0 slo
015 |a SNBRB19rr/mm-uuuuu 
035 |a CL0550434 
040 |a SNKBUCL  |b slo  |c SNKBUCL  |e AACR2 
041 0 |a slo 
044 |a xo  |c SK 
080 |a 908.437.658  |2 1981 
080 |a 332.1(437.658)  |2 1981 
100 1 |a Slota, Ján,  |d 1953-  |4 aut  |9 103974 
245 1 0 |a Mesto dynamického rozvoja  |c Ján Slota 
300 |b Obr. 2 
651 7 |a Žilina (Slovensko)  |2 snkbucl  |9 28812 
655 7 |a články z novín a časopisov  |2 snkbucl  |9 267496 
773 0 |t Verejná správa  |g Č. 8 (1995), s. 4 a 10 
850 |a Slovenská národná knižnica v Martine  |a MTA001 
852 |a SNK  |b KIS3GCP 
958 |a RK 
958 |a SK 
992 |a RBX 
999 |c 1597768  |d 1599698